000 00577nam a2200241Ia 4500
005 20260320201203.0
008 008 262003s9999 xx 000 0 eng d
037 _aEBOOK
040 _aCRL
040 _beng
040 _cCRL
041 _2eng
041 _aeng
084 _qCRL
100 _aKihn
_91134437
245 0 _aCustomer 360: How Data, AI, and Trust Change Everything
260 _bIEEE
260 _c2025
856 _uhttps://ieeexplore.ieee.org/servlet/opac?bknumber=10950212
942 _cEBOOK
999 _c1719503
_d1719503